000 00375nam a2200157Ia 4500
001 6425
003 Ost
005 20260507154932.0
008 251113s9999||||xx |||||||||||||| ||eng||
040 _cnitttr
041 _aeng
082 _a620.106
_bA67F
100 _aArora, K. R.
245 0 _aFluid mechanics, hydraulics and hydraulic machines. /
_cArora, K. R.
942 _cBK
999 _c6320
_d6320